Statistics for Countries that Import Mostly from a Single Country

Click here to take the quiz!

General Stats

  • This quiz has been taken 65 times
  • The average score is 30 of 40

Answer Stats

Country% Correct
China
100%
India
95%
United States
93%
Nepal
90%
Bhutan
90%
Canada
89%
Russia
89%
Mexico
87%
North Korea
85%
Australia
85%
South Africa
77%
Lesotho
75%
Spain
75%
Swaziland
74%
Laos
72%
Botswana
70%
Namibia
70%
Andorra
67%
Belarus
61%
Zimbabwe
57%
Portugal
56%
Myanmar
54%
Nauru
49%
Dominica
44%
Saint Kitts and Nevis
43%
Kyrgyzstan
33%
Honduras
33%
Sao Tome and Principe
28%

Score Distribution

Percentile by Number Answered

Percent of People with Each Score

Your Score History

You have not taken this quiz